| 000 | 00700nam a2200205Ii 4500 | ||
|---|---|---|---|
| 003 | JO-AjNU | ||
| 008 | 230605s9999||||xx |||||||||||||| ||und|| | ||
| 017 | _a32515 | ||
| 040 |
_aJO-AjNU _bara _erda _cJO-AjNU |
||
| 041 | _aara | ||
| 050 | 1 | 4 | _aQH308.7.M8668 1990 |
| 100 | 3 |
_aالدجاني ، نهيل فضيل واخرون, _eauthor _942129 |
|
| 245 | 0 | 0 | _aمقدمة في علم الحياة البولوجي |
| 264 | 3 | 1 | _aعمان:دار الفكر ، 1990 |
| 300 | _a126ص | ||
| 336 |
_atext _btxt _2rdacontent |
||
| 337 |
_aunmediated _bn _2rdamedia |
||
| 338 |
_avolume _bnc _2rdacarrier |
||
| 650 | 4 |
_aعلم الاحياء-البئية والانسان-الهواء والتلوث _942130 |
|
| 999 |
_aA18016 _c21584 _d21584 |
||